000 00848nam a2200265 i 4500
003 DO-SdBNP
005 20260420131845.0
007 ta
008 250801b197- dr ||||| |||| 00| 0 spa d
040 _aDO-SdBNP
_bspa
_cBNPHU
_erda
041 _aspa
082 4 _aCo863.64
_bG216m
_222
100 1 _aGarcía Márquez, Gabriel,
_d1927-2014
_eautor
_4aut.
_973304
245 1 3 _aLa mala hora /
_cGabriel García Márquez
264 1 _aSanto Domingo :
_bEditor no identificado,
_c197?.
300 _a203 páginas :
_c18 cm.
336 _atexto
_btxt
_2rdacontent
337 _asin mediación
_bn
_2rdamedia
338 _avolumen
_bnc
_2rdacarrier
590 _aInventariado, 2025/BT
650 7 _aNovela colombiana
_2LEMB
_91243
650 7 _aLiteratura colombiana
_2LEMB
_91244
910 _aBtavárez/Validado. Control de calidad MFF
942 _2ddc
_cLBS1
999 _c59699
_d59699